A Quiz About Communism - Statistics

General Stats
  • This quiz has been taken 21,330 times
  • The average score is 14 of 20
Answer Stats
Hint Answer % Correct
Co-authors of "The Communist Manifesto" Karl Marx
97%
First leader of the USSR V. I. Lenin
95%
The only Communist state in the Americas Cuba
91%
First leader of communist China Mao Zedong
88%
Term for the long struggle between capitalist and communist countries post WWII {Cold} War
87%
Last leader of the USSR Mikhail Gorbachev
83%
Quote from the above work (fill in the blank) {Workers} of the world, unite
82%
Group of Communists who seized power in Russia in October 1917 Bolsheviks
77%
City whose name was changed to "Ho Chi Minh City" Saigon
70%
John Lennon song which asks listeners to envision a world with no possessions, religion, or countries Imagine
69%
The property owning class who are enemies of the proletariat (starts with B) Bourgeoisie
67%
Co-authors of "The Communist Manifesto" Friedrich Engels
66%
Communist regime in Cambodia that was led by Pol Pot Khmer {Rouge}
66%
"ism" originally defined as workers owning the means of production {Social}ism
64%
European city that was briefly ruled by a commune in 1871 Paris
53%
Communist slogan: "From each according to his ability, to each according to his _____" Needs
45%
Asian capital city whose name means "Red Hero" Ulaanbaatar
44%
Term for a collective farm in Israel Kibbutz
39%
Stage of development that a society must supposedly pass through between capitalism and true communism {Dictator}ship of the Proletariat
38%
The quote, continued You have nothing to lose but your {chains}
37%
No matching quizzes found
Score Distribution
Percent of People with Each Score
Percentile by Number Answered
Your Score History
You have not taken this quiz